动物地理分区quiz(选择)Biogeographic Realms Quiz - Statistics

General Stats
  • This quiz has been taken 14 times
  • The average score is 14 of 30
Answer Stats
Hint Answer % Correct
澳大利亚大陆 D. 澳新界 Australasian Realm
83%
南极半岛 G. 南极界 Antarctic Realm
83%
斯堪的纳维亚半岛 A. 古北界 Palaearctic Realm
75%
冰岛 A. 古北界 Palaearctic Realm
75%
东非大裂谷 C. 旧热带界 Afrotropical Realm
75%
欧亚大草原 A. 古北界 Palaearctic Realm
67%
科特迪瓦 C. 旧热带界 Afrotropical Realm
67%
新西兰 D. 澳新界 Australasian Realm
67%
纽约州 E. 新北界 Nearctic Realm
67%
阿塞拜疆 A. 古北界 Palaearctic Realm
58%
珠江三角洲 B. 东洋界 Oriental Realm
58%
南非 C. 旧热带界 Afrotropical Realm
58%
马达加斯加 C. 旧热带界 Afrotropical Realm
58%
尤卡坦半岛 F. 新热带界 Neotropical Realm
58%
亚马逊森林 F. 新热带界 Neotropical Realm
50%
瑙鲁 H. 大洋界 Oceanian Realm
50%
密克罗尼西亚联邦 H. 大洋界 Oceanian Realm
50%
伊比利亚半岛 A. 古北界 Palaearctic Realm
42%
辽宁省 A. 古北界 Palaearctic Realm
42%
菲律宾 B. 东洋界 Oriental Realm
42%
巴哈马群岛 F. 新热带界 Neotropical Realm
42%
阿留申群岛 E. 新北界 Nearctic Realm
33%
斯里兰卡 B. 东洋界 Oriental Realm
25%
北方邦 B. 东洋界 Oriental Realm
25%
日本四岛 A. 古北界 Palaearctic Realm
17%
婆罗洲 B. 东洋界 Oriental Realm
17%
格陵兰岛 E. 新北界 Nearctic Realm
17%
马尔维纳斯群岛 F. 新热带界 Neotropical Realm
17%
摩鹿加群岛 D. 澳新界 Australasian Realm
8%
凯尔盖朗群岛 G. 南极界 Antarctic Realm
8%
No matching quizzes found
Score Distribution
Percent of People with Each Score
Percentile by Number Answered
Your Score History
You have not taken this quiz